000 00558nam a2200193Ia 4500
008 240729s9999 xx 000 0 und d
022 _a2673-5318
245 0 _aPsychiatry International
260 _aSwitzerland
260 _bMDPI AG
650 _a Internal medicine
650 _a Neurology. Diseases of the nervous system
650 _a Neurosciences. Biological psychiatry. Neuropsychiatry
650 _a Psychiatry
650 _aMedicine
856 _uhttps://doaj.org/toc/7e7d1bd3aab249edb1685d72c26ab3c4
942 _2ddc
942 _cDOAJEJ
999 _c71888
_d71888
945 _a1
_bMadushi Gamage
_c1
_dMadushi Gamage